Bài tập Kỹ thuật điện tử
Sách tóm tắt lí thuyết và bài tập về kĩ thuật điện tử cụ thể như: kĩ thuật tương tự (kĩ thuật analog), kĩ thuật xung-số (kĩ thuật digiltal) kèm theo lời giải.
Tallennettuna:
| Päätekijä: | |
|---|---|
| Aineistotyyppi: | Kirja |
| Kieli: | Undetermined |
| Julkaistu: |
Hà Nội
Giáo Dục
2008
|
| Aiheet: | |
| Tagit: |
Lisää tagi
Ei tageja, Lisää ensimmäinen tagi!
|
| Thư viện lưu trữ: | Trung tâm Học liệu Trường Đại học Cần Thơ |
|---|
| LEADER | 00843nam a2200193Ia 4500 | ||
|---|---|---|---|
| 001 | CTU_156898 | ||
| 008 | 210402s9999 xx 000 0 und d | ||
| 082 | |a 621.381076 | ||
| 082 | |b Th500 | ||
| 100 | |a Đỗ, Xuân Thụ | ||
| 245 | 0 | |a Bài tập Kỹ thuật điện tử | |
| 245 | 0 | |c Đỗ Xuân Thụ, Nguyễn Viết Nguyên | |
| 260 | |a Hà Nội | ||
| 260 | |b Giáo Dục | ||
| 260 | |c 2008 | ||
| 520 | |a Sách tóm tắt lí thuyết và bài tập về kĩ thuật điện tử cụ thể như: kĩ thuật tương tự (kĩ thuật analog), kĩ thuật xung-số (kĩ thuật digiltal) kèm theo lời giải. | ||
| 650 | |a Electronic engineering,Kỹ thuật điện tử | ||
| 904 | |i T.Trang | ||
| 980 | |a Trung tâm Học liệu Trường Đại học Cần Thơ | ||